000 00501nam a2200181Ia 4500
003 GCL
008 140319s9999 xx 000 0 ara d
040 _aGCL /
_cGCL
082 0 4 _a953
_bط ف
100 1 _aطه نجم
245 1 0 _aفصول من تاريخ الحضارة الاسلامية /
_cطه نجم
700 1 _aطه ندى
300 _a251 ص
490 _a100 قصة
_v0
650 0 4 _aالتاريخ الاسلامى
650 0 4 _aالحضارة الاسلامية
942 _2ddc
_cBK
999 _c45331
_d45331